000 00372nam a2200157Ia 4500
003 OSt
008 191201s2004 xx 000 0 und d
082 _a954.0350
_bJOA
100 _aJOHAR, K L
245 0 _aAjit Singh An Exiled Revolutionary
250 _a1st
260 _aNew Delhi
_bSneh Prakashan
_c2004
300 _a319
650 _aGeneral Books
942 _2ddc
_cBK
999 _c2396
_d2396